000 00318 a2200133 4500
000 nam a22 7a 4500
100 _a Lance, Fowler
110 _a Lance, Fowler
245 _aBiochemistry of Nucleic Acids
250 _alatest edition
260 _bBRILLIANCE
_c2026
264 _bBRILLIANCE
_c2026
942 _cBK
999 _c394079
_d394079